Hematology

Đã lưu trong:
书目详细资料
主要作者: William J. Williams
格式: 图书
语言:Undetermined
出版: New York McGraw-Hill 1983
主题:
标签: 添加标签
没有标签, 成为第一个标记此记录!
Thư viện lưu trữ: Trung tâm Học liệu Trường Đại học Cần Thơ
LEADER 00445nam a2200169Ia 4500
001 CTU_14876
008 210402s9999 xx 000 0 und d
082 |a 616.15 
082 |b W721 
100 |a William J. Williams 
245 0 |a Hematology 
245 0 |c William J. Williams 
260 |a New York 
260 |b McGraw-Hill 
260 |c 1983 
650 |a blood - diseases,hematology 
980 |a Trung tâm Học liệu Trường Đại học Cần Thơ